000
00251 a2200097 4500
001
54802
100
_a
ICRC
245
_a
Protocols additional to the geneva convention of 12August 1949
260
_a
Geneva
_b
ICRC
_c
1996
090
_c
33994
_d
33994
942
_a
NUST-CAE
_c
MONOGRAPH
_c
26662
999
_c
289875
_d
289875